| 000 | 00445nam a2200169Ia 4500 | ||
|---|---|---|---|
| 020 | _a(hb) | ||
| 082 |
_a297 _bLIN _cL-31,P-176 |
||
| 100 |
_aLings, Martin _93305 |
||
| 245 | _aAncient beliefs and modern superstitions | ||
| 260 |
_aLahore: _bSuhail Academy, _c1988 |
||
| 300 | _a84p. | ||
| 526 |
_a0 _b0 _c0 _d297_000000000000000_LIN |
||
| 650 |
_aCredulity _937243 |
||
| 650 |
_aMCE _9379 |
||
| 650 |
_aSuperstitution _937244 |
||
| 942 |
_2ddc _cBK |
||
| 999 |
_c542147 _d542147 |
||